In Tune With The Universe (Record no. 193728)
[ view plain ]
| 000 -LEADER | |
|---|---|
| fixed length control field | 00458 a2200157 4500 |
| 003 - CONTROL NUMBER IDENTIFIER | |
| control field | Nust |
| 005 - DATE AND TIME OF LATEST TRANSACTION | |
| control field | 20221220120846.0 |
| 040 ## - CATALOGING SOURCE | |
| Transcribing agency | Nust |
| 082 ## - DEWEY DECIMAL CLASSIFICATION NUMBER | |
| Classification number | 100, SIG |
| 100 ## - MAIN ENTRY--PERSONAL NAME | |
| Personal name | Signpost |
| 9 (RLIN) | 105341 |
| 245 ## - TITLE STATEMENT | |
| Title | In Tune With The Universe |
| Statement of responsibility, etc. | Signpost |
| 260 ## - PUBLICATION, DISTRIBUTION, ETC. | |
| Place of publication, distribution, etc. | london |
| Name of publisher, distributor, etc. | Paternoster |
| Date of publication, distribution, etc. | 1931 |
| 300 ## - PHYSICAL DESCRIPTION | |
| Extent | x,212p.; |
| 505 ## - FORMATTED CONTENTS NOTE | |
| Formatted contents note | PART-1: Open and Empty-Mindedness (Page-1), PART-2: The Dew of the Morning (Page-77), PART-3: The Gloria (Page-153). |
| 942 ## - ADDED ENTRY ELEMENTS (KOHA) | |
| Source of classification or shelving scheme | |
| Koha item type | Book |
| Withdrawn status | Lost status | Source of classification or shelving scheme | Damaged status | Not for loan | Permanent Location | Current Location | Shelving location | Date acquired | Full call number | Barcode | Date last seen | Price effective from | Koha item type | Public note |
|---|---|---|---|---|---|---|---|---|---|---|---|---|---|---|
| Military College of Signals (MCS) | Military College of Signals (MCS) | General Stacks | 12/12/2016 | 100,SIG | MCS29138 | 12/08/2016 | 12/12/2016 | Book | Almirah No.46, Shelf No.2 |
